Olympischer Medaillenspiegel - Kanusport - Statistiken

Allgemein
  • Dieses Quiz wurde 18 mal gespielt
  • Das Durchschnittsergebnis liegt bei 14 aus 17
Antwortstatistiken
Gesamt Gold Silber Bronze Land % Korrekt
30 14 11 9 DDR
100%
77 34 19 24 Deutschland
100%
17 6 8 4 Italien
100%
19 5 7 4 Spanien
94%
17 6 7 6 Vereinigte Staaten
94%
36 8 3 19 Frankreich
88%
26 4 8 11 Kanada
88%
30 15 10 4 Schweden
88%
86 28 31 27 Ungarn
88%
27 5 7 14 Australien
82%
20 0 7 13 Polen
82%
34 10 9 14 Rumänien
82%
17 5 5 6 Tschechien
76%
17 4 6 8 Bulgarien
71%
20 8 11 5 Slowakei
65%
51 29 1 9 Sowjetunion
65%
19 5 10 6 Grossbritannien
59%
Keine übereinstimmenden Quizze gefunden
Verteilung der Resultate
Anzahl Personen mit jedem Resultat
Perzentil nach korrekt beantworteten Fragen
Ihre Resultats-Entwicklung
Sie haben dieses Quiz noch nicht gespielt